000 00508nam a2200097Ia 4500
008 170517s9999 xx 000 0 und d
245 _aModern Meat
300 _aWhat could be simpler than a hamburger? Take a ground beef patty, throw it on a grill, wait a few minutes as the fat sizzles, maybe add some cheese, and stick it on a bun. It's a thoroughly American operation that takes place countless times a day all around the...
650 _xTechnology.
856 _uhttp://topdocumentaryfilms.com/modern-meat/
999 _c335059
_d335059